000 00644nam a2200253Ia 4500
005 20260123164113.0
008 008 260114s9999 xx 000 0 eng d
020 _a9789354430190
037 _aEBOOK
040 _aCRL
040 _beng
040 _cCRL
041 _2eng
041 _aeng
084 _qCRL
100 _aKURIAKOSE C.P.
_91105951
245 0 _aCircuit Theory: Continuous And Discrete-Time Systems, Elements Of Network Synthesis
260 _bPHI
260 _c2015
856 _uhttps://elibrary.phindia.com/ebooks/reader/9789354430190du
942 _cEBOOK
999 _c1671074
_d1671074